000 02848nam0a22002771 4500
001 rc\3682040
005 20130115151603.7
035 _a(NLR Aleph) 007751763
090 _a7271497
_c7271497
100 _a20130115d1973 |||y0rusy50 ca
101 0 _arus
102 _aRU
105 _ak z |||||
200 1 _aМетодическое пособие для педиатров, прибывающих в Алжирскую Народную Демократическую Республику
_fСост. Сафронов В.В., канд. мед. наук
_gМ-во здрав. СССР. Упр. внешних сношений. Представитель Минздрава СССР в АНДР
210 _a[Москва]
_cБ. и.
_d1973
215 _a[1], 266 с., 4 л. бланк.
_d20
327 0 _aВ кн. также: Методические указания для терапевтов, прибывающих в Алжирскую Народную Демократическую Республику / Сост. В.Н. Арсеньев, канд. мед. наук. Памятка по назначению лекарственных препаратов для врачей-хирургов, впервые прибывающих на работу в Алжирскую Народную Демократическую Республику / Подгот. хирург Улиганец Г.М. Особенности диагностики и лечения некоторых хирургических заболеваний в условиях Алжира: (Метод. письмо) / Канд. мед. наук Сайдаковский Ю.Я., [и др.]
464 0 _12001#$aПамятка по назначению лекарственных препаратов для врачей-хирургов, впервые прибывающих на работу в Алжирскую Народную Демократическую Республику$fПодгот. хирург Улиганец Г.М.
_1702#1$aУлиганец$bГ.М.$4570
464 0 _12001#$aОсобенности диагностики и лечения некоторых хирургических заболеваний в условиях Алжира$e(Метод. письмо)$fКанд. мед. наук Сайдаковский Ю.Я.
_1700#1$aСайдаковский$bЮ.Я.
464 0 _12001#$aМетодические указания для терапевтов, прибывающих в Алжирскую Народную Демократическую Республику$fСост. В.Н. Арсеньев, канд. мед. наук
_1700#1$aАрсеньев$bВ.Н.$4220
702 1 _aСафронов
_bВ. В.
_4220
801 0 _aRU
_bNLR
_gpsbo
801 1 _aRU
_bELAR
_2rusmarc
852 _aNLR
_j73-3/9022
942 _cBOOK
980 _aNB